000 00596cam a2200193 4500500
005 20260405003828.0
041 _afre
042 _adc
100 1 0 _aPerragin, Charles
_eauthor
245 0 0 _aPour une pensée sans frontières entre Orient et Occident
260 _c2024.
500 _a50
690 _aDialogue
690 _aFrançoise Dastur
690 _aOccident
690 _aOrient
786 0 _nPhilosophie magazine | 177 | 3 | 2024-03-01 | p. 58-58 | 1951-1787
856 4 1 _uhttps://shs.cairn.info/magazine-philosophie-magazine-2024-3-page-58?lang=fr&redirect-ssocas=7080
999 _c2071240
_d2071240